000 00440nam a2200169 a 4500
001 0313
005 20140414132024.0
008 040116s19uu xx 00 eng d
020 _a9781741579536
050 _aTR 423.1
_bF44 2006
100 _aHaydon, Julie
245 0 _aFirst 1000 words /
_cJulie Haydon.
260 _aPhilippines :
_bWS Pacific,
_c2006.
300 _a90 p. ; cm.
650 _aPicture book of words.
999 _c113524
_d113524